000 00678nam a2200289Ia 4500
005 20260324133050.0
008 008 260324s9999 xx 000 0 eng d
020 _a9780203392201
037 _aEBOOK
040 _aCRL
040 _beng
040 _cCRL
041 _2eng
041 _aeng
084 _qCRL
100 _aDavid Goldblatt
_91191666
245 0 _aKnowledge and the Social Sciences
245 0 _bTheory, Method, Practice
260 _bTaylor and Francis
260 _c2004
365 _a
365 _b300
856 _uhttp://www.taylorfrancis.com/books/9780203392201
942 _cEBOOK
999 _c1790373
_d1790373